Szczegóły MARC21

Psychologia wychowawcza dla rodziców : (lata 0-7) /

003 -Nazwa inst., której nr kontr. jest w polu 001 [,]
    • @
    • Nazwa instytucji, której n kontrolny jest w polu 001
    • NUKAT
005 -DATA I CZAS OSTATNIEJ MODYFIKACJI [,]
    • @
    • pole kontrolne
    • 20241231115610.0
040 -Instytucja sporządzająca opis [ , ]
    • a
    • Instytucja, która sporządziła opis (NP)
    • TOR U/PDAG
    • c
    • Instytucja, która sporządziła rekord (NP)
    • TOR U/PDJR
    • d
    • Instytucja, która zmodyfikowała rekord (P)
    • TOR U/AP
    • d
    • Instytucja, która zmodyfikowała rekord (P)
    • GD U/BDs
942 -Rodzaj dokumentu [ , ]
    • c
    • Rodzaj dokumentu
    • Książka
100 -Hasło główne - nazwa osobowa [1, ]
    • a
    • Nazwa osobowa (NP)
    • Spionek-Pelc, Halina
    • d
    • Daty biograficzne (NP)
    • (1924-1991).
    • 9
    • KHW
    • 47026
245 -Strefa tytułu i oznaczenia odpowiedzialności [1,0]
    • a
    • Tytuł
    • Psychologia wychowawcza dla rodziców : Find
    • b
    • Ciąg dalszy tytułu (NP)
    • (lata 0-7) / Find
    • c
    • Pozostałe elementy strefy tytułu i oznaczenia odpowiedzialności (NP)
    • Halina Spionek.
250 -Strefa wydania [ , ]
    • a
    • Oznaczenie wydania (NP)
    • Wyd. 2.
260 -Strefa adresu wydawniczego [ , ]
    • a
    • Miejsce wydania (P)
    • Warszawa :
    • b
    • Nazwa wydawcy (P)
    • Państwowe Zakłady Wydawnictw Szkolnych,
    • c
    • Data wydania (P)
    • 1962.
300 -Strefa opisu fizycznego [ , ]
    • a
    • Określenie formy książki i/lub objętość (NP)
    • 131, [1] s. :
    • b
    • Oznaczenie ilustracji (NP)
    • il. ;
    • c
    • Format (NP)
    • 21 cm.
336 -Typ zawartości [ , ]
    • a
    • Termin opisujący typ zawartości
    • Tekst
    • b
    • Kod określający zawartość
    • txt
    • 2
    • Źródło (terminu i kodu)
    • rdacontent
337 -Typ mediów [ , ]
    • a
    • Tryb odtwarzania
    • Bez urządzenia pośredniczącego
    • b
    • Kod typu mediów
    • n
    • 2
    • Źródło (terminu i kodu)
    • rdamedia
338 -Typ/rodzaj nośnika [ , ]
    • a
    • Hasło opisujące typ nośnika
    • Wolumin
    • b
    • Kod typu nośnika
    • nc
    • 2
    • Źródło (terminu i kodu)
    • rdacarrier
504 -Uwaga dot. bibliogr. załącznikowej [ , ]
    • a
    • Uwaga dot. bibliografii załącznikowej
    • Bibliogr. s. 129-[130].
080 -Uniwersalna Klasyfikacja Dziesiętna [ , ]
    • a
    • Symbol klasyfikacji
    • 37.015.3
    • 9
    • UKD
    • 3837
    • 2
    • Identyfikator wydania tablic
    • UDC-P058
    • b
    • Dopowiedzenie
    • Psychologia pedagogiczna. Psychologia wychowawcza.
080 -Uniwersalna Klasyfikacja Dziesiętna [ , ]
    • a
    • Symbol klasyfikacji
    • :37.018.2
650 -Hasło przedmiotowe [ ,7]
    • a
    • Hasło przedmiotowe
    • Dzieci
    • x
    • Określnik rzeczowy
    • psychologia.
    • 2
    • Źródło terminu
    • kaba
    • 9
    • KHW
    • 106862
650 -Hasło przedmiotowe [ ,7]
    • a
    • Hasło przedmiotowe
    • Psychologia wychowawcza.
    • 2
    • Źródło terminu
    • kaba
    • 9
    • KHW
    • 160548
650 -Hasło przedmiotowe [ ,7]
    • a
    • Hasło przedmiotowe
    • Wychowanie dzieci
    • x
    • Określnik rzeczowy
    • aspekt psychologiczny.
    • 2
    • Źródło terminu
    • kaba
    • 9
    • KHW
    • 355207
980 -Symbol UKD [ , ]
    • a
    • UKD
    • 37.015.3:37.018.2
710 -Hasło dodatkowe - nazwa ciała zbiorowego [2, ]
    • a
    • Nazwa ciała zbiorowego lub nazwa geograficzna jako pierwszy element (NP)
    • Państwowe Zakłady Wydawnictw Szkolnych.
    • 4
    • Kod relacji
    • pbl
    • 9
    • KHW
    • 55158
Data inwentaryzacji Lokalizacja Status udost. Numer inwentarzowy
2006-01-18BG1Pd.17632